<?xml version="1.0" encoding="UTF-8"?><?xml-stylesheet type="text/xsl" href="static/style.xsl"?><OAI-PMH xmlns="http://www.openarchives.org/OAI/2.0/" xmlns:xsi="http://www.w3.org/2001/XMLSchema-instance" xsi:schemaLocation="http://www.openarchives.org/OAI/2.0/ http://www.openarchives.org/OAI/2.0/OAI-PMH.xsd"><responseDate>2026-04-18T06:01:43Z</responseDate><request verb="GetRecord" identifier="oai:www.recercat.cat:10230/22198" metadataPrefix="marc">https://recercat.cat/oai/request</request><GetRecord><record><header><identifier>oai:recercat.cat:10230/22198</identifier><datestamp>2025-12-22T20:19:04Z</datestamp><setSpec>com_2072_6</setSpec><setSpec>col_2072_452954</setSpec></header><metadata><record xmlns="http://www.loc.gov/MARC21/slim" xmlns:dcterms="http://purl.org/dc/terms/" xmlns:xsi="http://www.w3.org/2001/XMLSchema-instance" xmlns:doc="http://www.lyncode.com/xoai" xsi:schemaLocation="http://www.loc.gov/MARC21/slim http://www.loc.gov/standards/marcxml/schema/MARC21slim.xsd">
   <leader>00925njm 22002777a 4500</leader>
   <datafield ind2=" " ind1=" " tag="042">
      <subfield code="a">dc</subfield>
   </datafield>
   <datafield ind2=" " ind1=" " tag="720">
      <subfield code="a">García Gil, Juan José</subfield>
      <subfield code="e">author</subfield>
   </datafield>
   <datafield ind2=" " ind1=" " tag="260">
      <subfield code="c">2014-04-01T17:19:57Z</subfield>
   </datafield>
   <datafield ind2=" " ind1=" " tag="260">
      <subfield code="c">2014-04-01T17:19:57Z</subfield>
   </datafield>
   <datafield ind2=" " ind1=" " tag="260">
      <subfield code="c">2013</subfield>
   </datafield>
   <datafield ind2=" " ind1=" " tag="520">
      <subfield code="a">La inactividad física causa en el mundo tantas muertes como el tabaquismo. El uso de los medios de comunicación para informar sobre salud puede ser una vía eficaz para aumentar la calidad de vida de la población. La calidad de las noticias sobre actividad/nfísica saludable (AFS) es fundamental para que los ciudadanos estén informados y puedan llevar un estilo de vida activo, obtener beneficios para la salud y prevenir enfermedades. Existen pocos estudios que traten la calidad de las noticias sobre AFS en la prensa nacional e internacional. En este estudio de investigación, se propone un nuevo índice para medir la calidad científica y periodística de las noticias basado en variables del periodismo especializado, de la ética periodística, de la comunicación persuasiva, del índice de calidad científica de la noticias de salud (Oxman) y de otras iniciativas internacionales de análisis de noticias de este ámbito como es el caso de Health News Review.</subfield>
   </datafield>
   <datafield tag="653" ind2=" " ind1=" ">
      <subfield code="a">Periodisme científic</subfield>
   </datafield>
   <datafield tag="653" ind2=" " ind1=" ">
      <subfield code="a">Salut en els mitjans de comunicació de massa</subfield>
   </datafield>
   <datafield tag="653" ind2=" " ind1=" ">
      <subfield code="a">Exercici -- Aspectes sanitaris</subfield>
   </datafield>
   <datafield ind2="0" ind1="0" tag="245">
      <subfield code="a">Calidad de los contenidos de salud y actividad física en la prensa en/nEspaña</subfield>
   </datafield>
</record></metadata></record></GetRecord></OAI-PMH>